000 00788nam a2200265Ia 4500
003 OSt
005 20220918164340.0
006 a|||||r|||| 00| 0
007 ta
008 220917b |||||||| |||| 00| 0 eng d
020 _a052162293X (hbk)
024 _a36,932
037 _cTextual
040 _aARTS
_cARTS
_beng
041 _2eng
_aeng
082 _aV1:19, N8
100 _aSylvan Donald A ed
_918483
245 0 _aProblem representation in foreign policy decision making edited by Donald A Sylvan and James F Voss
260 _aCambridge
_bCUP
_c1998
300 _aviii,347p.
_ccm.
650 _aPOLITICAL SCIENCE
700 _a Voss James F ed
_918484
942 _hV1:19, N8
_cTEXL
_2CC
999 _c124389
_d124389